000 00321nam a2200121Ia 4500
008 190216s9999||||xx |||||||||||||| ||und||
100 _aEsmarch Sgilreath
245 0 _aFundamental Concept Of Inorganic Chemistry
260 _bMcgraw-Hill International Edition
_c1958
300 _a419p
650 _aChemistry
942 _cBK
999 _c2408
_d2408